| 000 | 02531nam0a2200385 4500 | ||
|---|---|---|---|
| 001 | RU\NLR\bibl\1770901 | ||
| 005 | 20260405160015.0 | ||
| 010 |
_a978-5-86813-292-6 _9250 |
||
| 021 |
_aRU _b2011-31237 _92220 |
||
| 035 | _a(NLR Aleph) 001761683 | ||
| 090 |
_a1582279 _c1582279 |
||
| 100 | _a20110520d2011 |||y0rusy50 ca | ||
| 101 | 0 |
_arus _deng _erus _eeng |
|
| 102 | _aRU | ||
| 105 | _aab ||||||||| | ||
| 200 | 1 |
_aВоздействие волновых течений на литодинамическую и инженерно-геологическую обстановку дна в мелководных акваториях _dThe action of wind currents on lithodynamic and engineering-geologic situation of the bottom of shallow-water basins _e(на примере Нарвского залива) _fА.Н. Павлов _gМ-во образования и науки Рос. Федерации, Гос. образоват. учреждение высш. проф. образования Рос. гос. гидрометеорол. ун-т _zeng |
|
| 210 |
_aСанкт-Петербург _cРГГМУ _d2011 (макет: 2010) |
||
| 215 |
_a98 с. _cил., карт. _d20 |
||
| 300 | _aАвт. также на англ. яз.: A.N. Pavlov | ||
| 300 | _aНа 4-й с. обл. авт.: Павлов Александр Николаевич - д.г.-м.н. | ||
| 300 | _aРез. на англ. яз. | ||
| 320 | _aБиблиогр.: с. 96 (7 назв.) | ||
| 510 | 1 |
_6z01790 _aThe action of wind currents on lithodynamic and engineering-geologic situation of the bottom of shallow-water basins _zeng |
|
| 606 | 1 |
_aМорское дно _xИнженерно-геологические условия _xВлияние течений _yНарвский залив (Балтийское море) _92618862 _3RU\NLR\auth\661555422 |
|
| 606 | 1 |
_aМорское дно _xЛитодинамика _xВлияние течений _yНарвский залив (Балтийское море) _92618860 _3RU\NLR\auth\661555420 |
|
| 686 | _aД542.6(922.04) | ||
| 686 | _aД548.9(922.04) | ||
| 700 | 1 |
_4070 _8rus _7ca _aПавлов _bА. Н _f1933- _gАлександр Николаевич _cд-р геол.-минерал. наук _3RU\NLR\auth\7723694 _96747 |
|
| 790 | 1 |
_4070 _8rus _7ba _aPavlov _bA. N. _cд-р геол.-минерал. наук _f1933- _gAleksandr Nikolaevič _3RU\NLR\auth\7766725 _949653 |
|
| 801 | 0 |
_aRU _bNLR _c20110520 _gRCR |
|
| 801 | 1 |
_aRU _bNLR _c20110520 |
|
| 942 | _cBOOK | ||
| 980 | _aNB | ||
| 980 | _aNBR | ||